000 00719nam a2200289Ia 4500
005 20260324115235.0
008 008 260324s9999 xx 000 0 eng d
020 _a9780429264559
037 _aEBOOK
040 _aCRL
040 _beng
040 _cCRL
041 _2eng
041 _aeng
084 _qCRL
100 _aMegh R. Goyal; Subrota Hati
_91153904
245 0 _aEngineering Practices for Milk Products
245 0 _bDairyceuticals, Novel Technologies, and Quality
260 _bTaylor and Francis
260 _c2019
365 _a
365 _b290
856 _uhttp://www.taylorfrancis.com/books/9780429264559
942 _cEBOOK
999 _c1744634
_d1744634